Les 6 services spécialisés de renseignement français (premier cercle) - Statistiques

Statistiques générales
  • Ce quiz a été pris 32 fois
  • Le résultat moyen est 5 sur 6
Statistiques - réponses
Sigle Nom complet Tutelle principale Domaine % Correct
DGSI Direction générale de la sécurité intérieure Ministère de l’Intérieur Contre-espionnage intérieur, terrorisme, ingérences, cyber menaces sur le territoire
100%
DGSE Direction générale de la sécurité extérieure Ministère des Armées Renseignement extérieur, espionnage, contre-espionnage à l’étranger
93%
DRM Direction du renseignement militaire Ministère des Armées Renseignement militaire stratégique et opérationnel
83%
DRSD Direction du renseignement et de la sécurité de la défense Ministère des Armées Sécurité des installations, personnels et industries de défense
77%
DNRED Direction nationale du renseignement et des enquêtes douanières Ministère de l’Économie et des Finances Renseignement économique et lutte contre la fraude douanière / trafics
73%
Tracfin Traitement du renseignement et action contre les circuits financiers clandestins Ministère de l’Économie et des Finances Lutte contre le blanchiment, financement du terrorisme et flux financiers suspects
37%
Aucun quiz correspondant
Distribution des résultats
% des personnes avec chaque résultat
Percentile par nombre de réponses
Votre historique - résultats
Vous n’avez pas pris ce quiz